Assurance Technologies Principles And Practices: A Product,Process,and System Safety Perspective (Record no. 23786)
[ view plain ]
| 000 -LEADER | |
|---|---|
| fixed length control field | 00419nam a22001217a 4500 |
| 008 - FIXED-LENGTH DATA ELEMENTS--GENERAL INFORMATION | |
| fixed length control field | 140120b xxu||||| |||| 00| 0 eng d |
| 010 ## - LIBRARY OF CONGRESS CONTROL NUMBER | |
| LC control number | 2005033606 |
| 020 ## - INTERNATIONAL STANDARD BOOK NUMBER | |
| International Standard Book Number | 0471744913 |
| Terms of availability | Available |
| 082 ## - DEWEY DECIMAL CLASSIFICATION NUMBER | |
| Edition number | Second Ed |
| Classification number | 658.5RAH |
| Author Mark | 002474 |
| 100 ## - MAIN ENTRY--PERSONAL NAME | |
| Miscellaneous information | HB,472p |
| 245 ## - TITLE STATEMENT | |
| Title | Assurance Technologies Principles And Practices: A Product,Process,and System Safety Perspective |
| Statement of responsibility, etc. | Raheja Dev G |
| 260 ## - PUBLICATION, DISTRIBUTION, ETC. | |
| Place of publication, distribution, etc. | New Jersey |
| Name of publisher, distributor, etc. | John Wiley & Sons |
| Date of publication, distribution, etc. | 2006 |
| Withdrawn status | Lost status | Source of classification or shelving scheme | Damaged status | Not for loan | Permanent Location | Current Location | Shelving location | Date acquired | Total Checkouts | Full call number | Barcode | Date last seen | Price effective from | Koha item type |
|---|---|---|---|---|---|---|---|---|---|---|---|---|---|---|
| School of Interdisciplinary Engineering and Sciences (SINES) | School of Interdisciplinary Engineering and Sciences (SINES) | 01/20/2014 | 658.5RAH | RCMS002474 | 01/20/2014 | 01/20/2014 | Book |
